| 000 | 00905nam a22001577a 4500 | ||
|---|---|---|---|
| 003 | OSt | ||
| 005 | 20151112140155.0 | ||
| 008 | 151112b xxu||||| |||| 00| 0 eng d | ||
| 040 | _cRUA | ||
| 082 | _aFOR THO 2007 B134 Or.1 | ||
| 100 |
_93602 _aTHONG, CHENG EAK. |
||
| 245 | _aEvaluation of habitat suitability for reintroduction of bear species in the phnom khnong kropeu area of the central cardamom protected forest (CCPF), ការវាយតំលៃទៅលើសក្ដានុពលភាពនៃជំរកសំរាប់ការដោះលែងសត្តខ្លាឃ្មុំក្នុងតំបន់ក្នុងតំបបន់ភ្នំខ្នងក្រពើនៃព្រៃការពារ ជួរភ្នំក្រវាញភាគកណ្ដាល | ||
| 260 |
_aPhnom Penh _bRUA _c2007 |
||
| 300 |
_axiii; 70p. _bill. _c29cm. |
||
| 942 |
_2ddc _cFOR |
||
| 999 |
_c3353 _d3353 |
||